RICS UK commercial market survey (Record no. 110921)

MARC details
000 -LEADER
fixed length control field 01352cam a22002415a 4500
001 - CONTROL NUMBER
control field L150610
008 - FIXED-LENGTH DATA ELEMENTS--GENERAL INFORMATION
fixed length control field 100803s2010 xxkad f s 000 0 eng d
035 ## - SYSTEM CONTROL NUMBER
System control number (Sirsi) u150610
041 0# - LANGUAGE CODE
Language code of text/sound track or separate title eng
050 04 - LIBRARY OF CONGRESS CALL NUMBER
Classification number 333.33 $2 18
110 2# - MAIN ENTRY--CORPORATE NAME
Corporate name or jurisdiction name as entry element Royal Institution of Chartered Surveyors
Subordinate unit Economics
9 (RLIN) 5033
245 00 - TITLE STATEMENT
Title RICS UK commercial market survey
Remainder of title Q2 2010
Medium [electronic resource]
260 ## - PUBLICATION, DISTRIBUTION, ETC.
Place of publication, distribution, etc. London
Name of publisher, distributor, etc. RICS
Date of publication, distribution, etc. 2010
490 #0 - SERIES STATEMENT
Series statement RICS Commercial Market Survey United Kingdom
Volume/sequential designation Q2 2010
520 ## - SUMMARY, ETC.
Summary, etc. Tenant demand falls for first time in a year as sentiment amongst surveyors wanes, most notably in London. Rental expectations are weakening across all sectors with the retail market likely to be worst hit. Enquiries for occupation decline across all sectors and all regions outside the North. Lettings activity for business property slipped back after a positive first quarter 2010. Surveyors are reporting that uncertainty over the extent of cuts in public spending are weighing on firms' investment decisions.
521 ## - TARGET AUDIENCE NOTE
Target audience note Advanced
590 ## - LOCAL NOTE (RLIN)
Local note KA
650 24 - SUBJECT ADDED ENTRY--TOPICAL TERM
Topical term or geographic name entry element RICS COMMERCIAL MARKET SURVEY
651 #4 - SUBJECT ADDED ENTRY--GEOGRAPHIC NAME
Geographic name United Kingdom
Chronological subdivision
690 ## - LOCAL SUBJECT ADDED ENTRY--TOPICAL TERM (OCLC, RLIN)
Topical term or geographic name as entry element PROPERTY-COMMERCIAL PROPERTY-COMMERCIAL PROPERTY MARKET
856 40 - ELECTRONIC LOCATION AND ACCESS
Uniform Resource Identifier <a href="https://www.rics.org/site/download_feed.aspx?fileID=7000&fileExtension=PDF">https://www.rics.org/site/download_feed.aspx?fileID=7000&fileExtension=PDF</a>
Public note View the report free of charge at www.rics.org
942 ## - ADDED ENTRY ELEMENTS (KOHA)
Suppress in OPAC 0
Holdings
Withdrawn status Lost status Source of classification or shelving scheme Damaged status Not for loan Home library Current library Shelving location Date acquired Total Checkouts Full call number Barcode Date last seen Copy number Price effective from Koha item type
    Dewey Decimal Classification     Virtual Virtual Online 03/08/2010   ONLINE PUBLICATION 150610-2001 06/08/2019 1 06/08/2019 Book